| 000 | 00840ntm a22002177a 4500 | ||
|---|---|---|---|
| 005 | 20170808153013.0 | ||
| 008 | 170802s2013 xx a frb 000 0 eng d | ||
| 040 |
_aEG-ScBUE _beng _cEG-ScBUE |
||
| 082 | 0 | 4 |
_222 _a621 _bARE |
| 100 | 1 | _aAref, Omar Hani. | |
| 245 | 1 | 0 |
_aImproving the sensitivity of cusum control charts to be used in the early detection of breast cancer / _cby Omar Hani Arfe; Tamer Adel. |
| 260 | _c2013. | ||
| 300 |
_avii, 37 p. : _bill. ; _c28 cm. |
||
| 500 | _aA dissertation submitted to the faculty of engineering. the British university in Egypt, in partial Fulfillment of the requirements for the bachelor degree in civil engineering. | ||
| 590 | _akarima | ||
| 650 | 7 |
_2BUEsh _aMechanical Engineering _vProjects |
|
| 653 |
_bENGMEC _cAugust2017 |
||
| 655 | _vSPRO | ||
| 700 | 1 |
_aAdel, Tamer. _eths |
|
| 942 | _2ddc | ||
| 999 |
_c25187 _d25159 |
||